Представление документа в формате MARC21

Поле Инд. ПП Название Значение
Тип записи a
Библиографический уровень m
001 Контрольный номер DU/621959235
005 Дата корректировки 20251212162643.9
020 a ISBN 978-5-496-02530-0
084 a Индекс другой классификации/Индекс ББК 87.3(7США)6
090 a Полочн. индекс 87.3(7США)6
x Авторский знак К 983
100 1_ a Автор Кэмпбелл Дж.
q Полное имя Кэмпбелл Джозеф
u Дополнение к имени Campbell J.
240 10 a Условное заглавие Pathways to Bliss. Mythology and Personal Transformation
245 10 a Заглавие Мифы и личностные изменения. Путь к блаженству
260 b Издательство Питер
a Место издания Санкт-Петербург
c Дата издания 2018
300 a Объем 256 с.
336 a Термин вида содержания Текст
337 a Термин типа средства непосредственный
440 _0 a Серия Мастера психологии
541 1_ a Номер заявки 8628
b Заявитель Хохлова Светлана Павловна
c Факультет/Кафедра/Подразделение Кафедра социологии и гуманитарных наук
d Дата заявки 05.05.2019
f Дисциплина Культурология История религий Социология религии
h Уровень подготовки Бакалавриат
n Количество экземпляров 2
650 04 a Основная рубрика история философии
a Основная рубрика философия
653 0_ a Ключевые слова божества
a Ключевые слова интерпретация
a Ключевые слова личностные изменения
a Ключевые слова мифологические концепции
a Ключевые слова мифологические образы
a Ключевые слова мифология
a Ключевые слова мифы
a Ключевые слова трансцендентное
a Ключевые слова человеческая жизнь
a Ключевые слова юнгианский анализ
720 a Наименование подборки К семинарам по культурологии
e Признак/вид подборки Тематические подборки
900 a Имя электронного ресурса obl_Cambell_Mify i lichnostnye izmenemiya
x Справочная информация Обложка
900 a Имя электронного ресурса ogl_Cambell_Mify i lichnostnye izmenemiya
901 t Тип документа m
952 a Тип литературы для КСУ ВШ НАУ